Trouve les paroles - "Gardien de nuit" - Le Soldat Rose - Statistiques

Statistiques générales
  • Ce quiz a été pris 279 fois
    263 depuis la dernière actualisation
  • Le résultat moyen est 122 sur 138
Statistiques - réponses
Paroles % Correct
c'
99%
C'
99%
d'
99%
de
99%
l'
99%
le
99%
les
99%
s'
99%
Gardien
98%
gardien
98%
la
98%
La
98%
ma
98%
nuit
98%
est
96%
Je
94%
je
94%
un
94%
garde
92%
Mais
91%
se
91%
sur
91%
Sur
91%
tête
91%
dans
90%
mon
90%
par
90%
que
90%
compliqué
89%
froid
89%
Plus
89%
plus
89%
toujours
89%
finit
88%
froide
88%
revolver
88%
suis
88%
épaules
87%
regard
87%
Jusque
86%
pas
86%
zoo
86%
arriver
85%
jour
85%
lit
85%
Quand
85%
baignoire
84%
contrôle
84%
écran
83%
gris
83%
pieds
83%
terre
83%
une
83%
oeil
82%
ouvert
82%
pyjama
82%
militaire
80%
ses
80%
Sous
80%
échapper
79%
Et
79%
barrent
78%
mains
78%
pingouins
78%
au
77%
beaucoup
77%
Du
77%
poches
76%
souvent
76%
tout
76%
veste
76%
dimanche
73%
droit
73%
fastoche
73%
lundi
73%
méfiance
73%
Suffit
73%
but
72%
univers
72%
buste
71%
pour
71%
Rien
71%
trop
69%
enlever
67%
coeur
65%
pierre
65%
peinard,
60%
Aucun quiz correspondant
Distribution des résultats
% des personnes avec chaque résultat
Percentile par nombre de réponses
Votre historique - résultats
Vous n’avez pas pris ce quiz depuis la dernière actualisation